Living systems, evolving consciousness, and the emerging person (Record no. 13016)
[ view plain ]
| 000 -LEADER | |
|---|---|
| fixed length control field | 02573cam a2200397Ia 4500 |
| 001 - CONTROL NUMBER | |
| control field | 9780203837580 |
| 003 - CONTROL NUMBER IDENTIFIER | |
| control field | BD-DhSAU |
| 005 - DATE AND TIME OF LATEST TRANSACTION | |
| control field | 20151012151723.0 |
| 006 - FIXED-LENGTH DATA ELEMENTS--ADDITIONAL MATERIAL CHARACTERISTICS | |
| fixed length control field | a|||||s||||||||||| |
| 007 - PHYSICAL DESCRIPTION FIXED FIELD--GENERAL INFORMATION | |
| fixed length control field | cr|||| |
| 008 - FIXED-LENGTH DATA ELEMENTS--GENERAL INFORMATION | |
| fixed length control field | 110307s2008 nyuad sb 001 0 eng d |
| 020 ## - INTERNATIONAL STANDARD BOOK NUMBER | |
| International Standard Book Number | 9780203837580 (e-book : PDF) |
| 040 ## - CATALOGING SOURCE | |
| Original cataloging agency | BD-DhSAU |
| Transcribing agency | BD-DhSAU |
| 090 ## - LOCALLY ASSIGNED LC-TYPE CALL NUMBER (OCLC); LOCAL CALL NUMBER (OCLC) | |
| Classification number (OCLC) (R) ; Classification number, CALL (RLIN) (NR) | RJ502.5 |
| Local cutter number (OCLC) ; Book number/undivided call number, CALL (RLIN) | .S36 2008 |
| 092 ## - LOCALLY ASSIGNED DEWEY CALL NUMBER (OCLC) | |
| Classification number | 616.8917 |
| Item number | S214 |
| 100 1# - MAIN ENTRY--PERSONAL NAME | |
| Personal name | Sander, Louis W. |
| 245 10 - TITLE STATEMENT | |
| Title | Living systems, evolving consciousness, and the emerging person |
| Medium | [electronic resource] : |
| Remainder of title | a selection of papers from the life work of Louis Sander / |
| Statement of responsibility, etc. | edited by Gherardo Amadei and Ilaria Bianchi. |
| 260 ## - PUBLICATION, DISTRIBUTION, ETC. (IMPRINT) | |
| Place of publication, distribution, etc. | New York : |
| Name of publisher, distributor, etc. | Analytic Press, |
| Date of publication, distribution, etc. | c2008. |
| 300 ## - PHYSICAL DESCRIPTION | |
| Extent | xxii, 271 p. : |
| Other physical details | ill. |
| 490 1# - SERIES STATEMENT | |
| Series statement | Psychoanalytic inquiry book series ; |
| Volume/sequential designation | v. 26 |
| 504 ## - BIBLIOGRAPHY, ETC. NOTE | |
| Bibliography, etc | Includes bibliographical references and indexes. |
| 505 0# - FORMATTED CONTENTS NOTE | |
| Formatted contents note | 1. Issues in early mother-child interaction -- 2. Adaptive relationships in early mother-child interaction -- 3. The longitudinal course of early mother-child interaction : cross-case comparison in a sample of mother-child pairs -- 4. Infant and caretaking environment : investigation and conceptualization of adaptive behavior in a system of increasing complexity -- 5. Investigation of the infant and its caregiving environment as a biological system -- 6. Investigation of interactive regulation in three infant caretaking systems -- 7. The event-structure of regulation in the neonate-caregiver system as a biological background for early organization of psychic structure -- 8. Paradox and resolution : from the beginning -- 9. Recognition process : context and experience of being known -- 10. Reflections on developmental process : wholeness, specificity, and the organization of conscious experiencing -- 11. Awareness of inner experience : a systems perspective on self-regulatory process in early development -- 12. Thinking differently : principles of process in living systems and the specificity of being known -- 13. Development as creative process. |
| 530 ## - ADDITIONAL PHYSICAL FORM AVAILABLE NOTE | |
| Additional physical form available note | Also available in print edition. |
| 538 ## - SYSTEM DETAILS NOTE | |
| System details note | Mode of access: World Wide Web. |
| 650 #0 - SUBJECT ADDED ENTRY--TOPICAL TERM | |
| Topical term or geographic name as entry element | Infant psychiatry. |
| 650 #0 - SUBJECT ADDED ENTRY--TOPICAL TERM | |
| Topical term or geographic name as entry element | Infant psychology. |
| 650 #0 - SUBJECT ADDED ENTRY--TOPICAL TERM | |
| Topical term or geographic name as entry element | Mother and infant. |
| 650 #0 - SUBJECT ADDED ENTRY--TOPICAL TERM | |
| Topical term or geographic name as entry element | Developmental psychobiology. |
| 655 #7 - INDEX TERM--GENRE/FORM | |
| Genre/form data or focus term | Electronic books. |
| Source of term | lcsh |
| 700 1# - ADDED ENTRY--PERSONAL NAME | |
| Personal name | Amadei, G. |
| 700 1# - ADDED ENTRY--PERSONAL NAME | |
| Personal name | Bianchi, Ilaria, |
| Dates associated with a name | 1979- |
| 776 1# - ADDITIONAL PHYSICAL FORM ENTRY | |
| International Standard Book Number | 9780881634648 |
| 776 1# - ADDITIONAL PHYSICAL FORM ENTRY | |
| International Standard Book Number | 0881634646 |
| 830 #0 - SERIES ADDED ENTRY--UNIFORM TITLE | |
| Uniform title | Psychoanalytic inquiry book series ; |
| Volume number/sequential designation | v. 26. |
| 856 40 - ELECTRONIC LOCATION AND ACCESS | |
| Uniform Resource Identifier | <a href="http://www.tandfebooks.com/isbn/9780203837580">http://www.tandfebooks.com/isbn/9780203837580</a> |
No items available.
